| 000 | 01000naa a22002897a 4500 | ||
|---|---|---|---|
| 001 | BR7404905 | ||
| 003 | BR-BrBNA | ||
| 005 | 20250709164621.0 | ||
| 007 | ta | ||
| 008 | 250630b bl.|||m| |||| 00| 0 por d | ||
| 040 |
_aBR-BrBNA _bpor _cBiblioteca Nacional de Agricultura |
||
| 041 | _a(Pt) | ||
| 072 |
_aS00; S20 _b9000 _bG514 |
||
| 090 | _aS00 BR7404905 | ||
| 100 | 1 | _aSantos, A.C. dos | |
| 245 | 1 | _aEfeitos da suplementacao de calorias e proteinas no crescimento de pre-escolares subnutridos [Fisiologia nutricional; Brasil] | |
| 500 | _aRelatorio do bienio 1972/1973 Piracicaba, SP (Brasil): [nd]. p. 33 [Summary only] (BR7404905-AMS) | ||
| 650 | _aFISIOLOGIA NUTRICIONAL | ||
| 650 | _aALIMENTO | ||
| 650 | _aCALORIA | ||
| 650 | _aPROTEINA | ||
| 650 | _aDEFICIENCIA NUTRICIONAL | ||
| 650 | _aCONSUMO | ||
| 490 | _aRelatorio - Escola Superior de Agricultura Luiz de Queiroz. Depto. de Tecnologia Rural (Brazil) | ||
| 942 |
_cAMS _2AGRIS |
||
| 909 |
_a202506 _bLúcia _c55 _dLúcia Elande |
||
| 999 |
_c332703 _d332703 |
||